| 000 | 00474nam a2200157 i 4500 | ||
|---|---|---|---|
| 001 | 75917 | ||
| 003 | ES-MaACL | ||
| 005 | 20230906172643.0 | ||
| 007 | t| | ||
| 008 | 040928q1956 sp ||||1| spa d | ||
| 100 | 1 |
_aGuardia y Pascual de Pobil, Rafael de la. _960317 |
|
| 245 | 1 | 3 |
_aLa Marina Mercante en 1956 / _cpor Rafael de la Guardia y Pascual del Pobil. |
| 260 |
_a[S.l. : _bs.n., _c1956?] |
||
| 300 |
_aXLVII a CXII ; _c29 cm. |
||
| 852 |
_aES-MaACL _jC-30094 _bR.55248 |
||
| 999 |
_c75917 _d75917 |
||